¿Qué es más grande? - Estadísticas

Estadísticas generales
  • Esta prueba ha sido intentada 284 veces
  • La puntuación promedio es 11 de 15
Estadísticas de respuestas
Pregunta Respuesta % Correcto
África o América del Sur África
92%
La población de Arizona (EE.UU.) o la población de Estonia Arizona
89%
El edificio más alto o el árbol más alto Edificio
89%
Tu páncreas o tu glándula pituitaria Páncreas
86%
Un gigabyte o un terabyte Terabyte
86%
Un átomo de nitrógeno o un átomo de uranio Uranio
86%
El Palacio de Buckingham o la Casa Blanca, por número de dormitorios Palacio de Buckingham
83%
El Antiguo Testamento o el Nuevo Testamento, por longitud Antiguo Testamento
81%
El humano más pesado de la historia o la calabaza más pesada de la historia Calabaza
78%
La Tierra o Marte La Tierra
78%
Un violín o una viola Viola
78%
El número de personas en la Tierra o el número de árboles. Árboles
75%
Un cromosoma o un gen Cromosoma
53%
Una división o un regimiento División
50%
El presupuesto anual del gobierno francés o los ingresos anuales de Google. Francia
19%
No se encontraron pruebas coincidentes
Distribución de puntuación
Porcentaje de gente con cada puntuación
Porcentaje por número respondido
Historial de tus puntuaciones
No has intentado esta prueba.